Music Quiz

Random Music or Song Quiz

Eminem Song by Opening Lyric Quiz Stats

 Plays Quiz Updated Mar 22, 2013

Challenge
Share
Tweet
Embed
Score 0/23 Timer 10:00
4 Plays Today
Opening Lyric Song Title % Correct
His palms are sweaty. Knees weak; arms are heavy.Lose Yourself
92.2%
Dear Slim, I wrote you but you still ain't calling.Stan
88.9%
Y'all act like you never seen a white person before.The Real Slim Shady
78.6%
Hi kids, do you like violence?My Name Is
69.1%
Two trailer park girls go round the outside.Without Me
68.5%
Hailie, I know you miss your Mom and I know you miss your Dad.Mockingbird
65.3%
Have you ever been hated or discriminated against? I have.Cleanin' Out My Closet
52.8%
I'm supposed to be the soldier who never blows his composure.Like Toy Soldiers
50%
So (Song Title). Let your body waddle.Crack A Bottle (Featuring Dr. Dre & 50 Cent)
47.2%
Now everyone report to the dance floor.Just Lose It
47.2%
Don't make me wake this baby. She don't need to see what I'm about to do.Kim
46%
(Song Title) I’m spilling these raps long as you feel 'em.'Till I Collapse (Featuring Nate Dogg)
44.4%
Opening Lyric Song Title % Correct
I sit back with this pack of Zig Zags.The Way I am
39.9%
That's nonsense. Go in and gaffle the money and run to one of your aunt's cribs.Guilty Conscience (Featuring Dr. Dre)
36.3%
When I was just a little baby boy, my momma used to tell me these crazy things.Kill You
35.6%
I never would've dreamed in a million years I'd see...White America
33.9%
(Song Title) loved Valium and lots of drugs.My Mom
33.7%
You're walking down a horror corridor.3 A.M.
33.1%
So, what do you say to somebody you hate?Forgot About Dre (Featuring Eminem)
28.1%
You 'bout to witness hip-hop in its most purest.Business
22.8%
I scrutinize every word, memorize every line.Mosh
22.4%
I went away, I guess, to open up some lanes.Talkin' 2 Myself (Featuring Kobe)
16.7%
Speak of the devil, it's attack of the Rainman.Old Time's Sake (Featuring Dr. Dre)
12.6%

You're not logged in!

Compare scores with friends on all Sporcle quizzes.
Join for Free
OR
Log In

You Might Also Like...

Show Comments

Extras

Top Quizzes Today


Score Distribution

Your Account Isn't Verified!

In order to create a playlist on Sporcle, you need to verify the email address you used during registration. Go to your Sporcle Settings to finish the process.

Report this User

Report this user for behavior that violates our Community Guidelines.

Details: